000 01315naa a22003377a 4500
001 BR8205295
003 BR-BrBNA
005 20240918175152.0
007 ta
008 230509b bl.||||| |||| 00| 0 por d
040 _aBR-BrBNA
_bpor
_cBiblioteca Nacional de Agricultura
041 _a(Pt)
072 _aH20
_b0440
_b4110
_b4120
_b4150
090 _aH20 BR8205295
100 1 _aNeto, N.
111 1 _a1. Reuniao Estadual de Pesquisa e Assistencia Tecnica do Linho
_cCruz Alta, RS (Brazil)
_d27-28 Apr 1982
245 1 _aDoencas do linho [Linum usitatissimum, bacteria, Septoria linicola, fungo, Fusarium oxysporum]
260 3 _aCruz Alta, RS (Brasil):
_c1982.
500 _aContribuicao do Centro de Experimentacao e Pesquisa a 1. Reuniao Estadual de Pesquisa e Assistencia Tecnica do Linho Cruz Alta, RS (Brasil): 1982. p. 45-52 (BR8205295-AM)H20
650 _aLINHO
650 _aFUNGO
650 _aBACTERIA
650 _aVIRUS
650 _aSEPTORIOSE
650 _aFERRUGEM
650 _aSINTOMA
650 _aDISTRIBUICAO GEOGRAFICA
773 0 _tContribuicao do Centro de Experimentacao e Pesquisa a 1. Reuniao Estadual de Pesquisa e Assistencia Tecnica do Linho
_wH20 BR8205295
_gCruz Alta, RS (Brasil), 1982. p. 45-52
909 _a202404
_bLucia
_c55
_dLucia Elande
942 _cAM
_2AGRIS
999 _c315374
_d315374